000 00367nam a2200157Ia 4500
008 151213s9999 xx 000 0 und d
100 _aEnelyn Waugh
245 _aHelena
_cEnelyn Waugh
250 _a1st
260 _aAustralia
_bPanguing Book
_c1963
300 _a4301 p.
650 _aLiterature
650 _aLiterature
700 _aEnelyn Waugh
999 _c2715
_d2715